000 01263nam0a22003371 4500
001 RU\INFOCOMM_327\NLR\5000055932
005 20260405084122.0
035 _a(NLR Aleph) 009603924
090 _a9328543
_c9328543
100 _a20130312d1967 |||y0rusy50 ca
101 0 _aeng
102 _aRU
105 _ay z |||||
200 1 _aOn succession in Bengali literature: Bankim Chandra Chatterji and Rabindranath Tagore
_fV. A. Novikova
210 _aM.
_d1967
215 _a12 с.
_d21 см
225 1 _aPapers presented by the USSR delegation
_fXXVII International congress of orientalists
309 _aОтпеч. множит. аппаратом
320 _aБиблиогр. в примеч.: с. 11-12
606 0 _aБенгальская литература
_2nlr_sh1
620 _aМосква
686 _aЛ2090
_2rubbk
700 1 _aNovikova
_bV. A.
702 1 _aChatterji
_bB. Ch.
_f1838-1894
_gBankim Chandra
_4570
702 1 _4070
_8eng
_7ba
_aTagore
_bR.
_f1861-1941
_gRabindranath
_3RU\NLR\AUTH\7730424
_913444
712 1 2 _aInternational congress of orientalists
_bDelegation of the USSR
_d27
_eMoscow
_f1967
_4570
801 1 _aRU
_bInfocomm
_c20130312
801 0 _aRU
_bINFOCOMM
_gPSBO
852 _aNLR
_jЛ81 Д-4/4
942 _cBOOK
980 _aNB